Un Siglo de existencia /
Descripción Física:
Il·lustracions, fotografies
Colección:
San Jorge,
; núm. 12 (octubre 1953), pàg 10-28
Materias:
Casa de Maternitat i Expòsits de Barcelona -- Història
; Casa de Maternitat i Expòsits de Barcelona -- Serveis sanitaris
; Casa de Maternitat i Expòsits de Barcelona -- Centenaris, etc.
Idioma:
Español
MARC
| LEADER | 00000naa a2200000 a 4500 | ||
|---|---|---|---|
| 003 | Arxiu | ||
| 005 | 20260324181039.0 | ||
| 008 | 160829s1953 spcaox s spa c | ||
| 040 | |a agdb | ||
| 100 | |a Pérez Rodríguez, Julián |9 29801 | ||
| 245 | 1 | 3 | |a Un Siglo de existencia / |c por Julián Pérez Rodríguez |
| 300 | |b Il·lustracions, fotografies | ||
| 490 | |a San Jorge, |v núm. 12 (octubre 1953), pàg 10-28 | ||
| 590 | |a Conté 34 fotografies | ||
| 610 | 1 | 0 | |a Casa de Maternitat i Expòsits de Barcelona |x Història |9 17620 |
| 610 | 1 | 0 | |a Casa de Maternitat i Expòsits de Barcelona |x Serveis sanitaris |9 54748 |
| 610 | 2 | 0 | |a Casa de Maternitat i Expòsits de Barcelona |x Centenaris, etc. |9 54817 |
| 773 | |g Núm. 12 (octubre 1953), pàg 10-28 |t San Jorge. | ||
| 901 | |a Arxiu | ||
| 942 | |n 1 |2 udc |c ART | ||
| 952 | |0 0 |1 0 |4 0 |6 REV508 |7 1 |9 64463 |a Arxiu |b Arxiu |d 2022-11-30 |o Rev-508 |r 2022-11-30 00:00:00 |w 2022-11-30 |y ARXIU |z També disponible a Rev-522 | ||
| 999 | |c 48818 |d 48818 | ||